Caricamento...

Meera

Dettagli Bibliografici
Autore principale: Parvathi amma Muthukulam
Natura: Printed Book
Lingua:Malayalam
Pubblicazione: V.V.Press V.V.Press 1963
LEADER 00442nam a2200133Ia 4500
008 111205s9999 xx 000 0 mal d
082 |a 855 SET/T 
100 |a Parvathi amma Muthukulam 
245 |a Meera  |c Parvathi amma Muthukulam 
260 |b V.V.Press  |a V.V.Press  |c 1963 
300 |a 0 
942 |c BK 
999 |c 223772  |d 223772 
952 |0 0  |1 0  |2 ddc  |4 0  |6 S_5R1  |7 0  |9 247056  |a MAL  |b MAL  |c SEC  |d 1999-09-22  |g 0.00  |j 127  |l 0  |o S5R1  |p MAL5017  |r 2015-04-13  |v 0.00  |w 2015-04-13  |y BK